Gratefulness, the Heart of Prayer (Record no. 23912)
[ view plain ]
| 000 -LEADER | |
|---|---|
| fixed length control field | 00470nam a2200193Ia 4500 |
| 003 - CONTROL NUMBER IDENTIFIER | |
| control field | 0100 |
| 008 - FIXED-LENGTH DATA ELEMENTS--GENERAL INFORMATION | |
| fixed length control field | 130303s9999 xx 000 0 und d |
| 040 ## - CATALOGING SOURCE | |
| Transcribing agency | ARRUPELIB |
| 050 ## - LIBRARY OF CONGRESS CALL NUMBER | |
| Classification number | BV210.2.S831984 |
| 100 ## - MAIN ENTRY--PERSONAL NAME | |
| Personal name | Steindl-Rast, Brother David |
| 245 ## - TITLE STATEMENT | |
| Title | Gratefulness, the Heart of Prayer |
| 245 ## - TITLE STATEMENT | |
| Remainder of title | An Approach to Life in Fullness |
| 260 ## - PUBLICATION, DISTRIBUTION, ETC. (IMPRINT) | |
| Place of publication, distribution, etc | NY |
| 260 ## - PUBLICATION, DISTRIBUTION, ETC. (IMPRINT) | |
| Name of publisher, distributor, etc | Paulist Press |
| 260 ## - PUBLICATION, DISTRIBUTION, ETC. (IMPRINT) | |
| -- | 1984 |
| 300 ## - PHYSICAL DESCRIPTION | |
| Extent | 224p |
| 650 ## - SUBJECT ADDED ENTRY--TOPICAL TERM | |
| Topical term following geographic name as entry element | Philosophy--History |
| 942 00 - ADDED ENTRY ELEMENTS (KOHA) | |
| Koha issues (borrowed), all copies | 1 |
| Withdrawn status | Lost status | Source of classification or shelving scheme | Damaged status | Not for loan | Collection code | Home library | Current library | Shelving location | Date acquired | Total Checkouts | Full call number | Barcode | Date last seen | Date checked out | Copy number | Price effective from | Koha item type |
|---|---|---|---|---|---|---|---|---|---|---|---|---|---|---|---|---|---|
| Library of Congress Classification | Main Collection | ARRUPE LIBRARY | ARRUPE LIBRARY | 04/03/2013 | 1 | BV210.2.S831984 | 46003035617 | 24/01/2017 | 18/10/2013 | 1 | 04/03/2013 | Monograph ( Printed materials) | |||||
| Library of Congress Classification | Main Collection | ARRUPE LIBRARY | ARRUPE LIBRARY | 04/03/2013 | BV210.2.S83 1984 | 46500001990 | 24/01/2017 | 2 | 04/03/2013 | Monograph ( Printed materials) |